| 000 | 00611nam a2200229Ia 4500 | ||
|---|---|---|---|
| 003 | OSt | ||
| 005 | 20220928112924.0 | ||
| 006 | a|||||r|||| 00| 0 | ||
| 007 | ta | ||
| 008 | 220927b |||||||| |||| 00| 0 eng d | ||
| 024 | _a55823 | ||
| 037 | _cTextual | ||
| 040 |
_aSDCL _cSDCL _beng |
||
| 041 |
_2eng _aeng |
||
| 082 | _aO152,3N333,6, M2.1-.2 | ||
| 100 |
_aShanni _9430721 |
||
| 245 | 0 | _aSab ek jagah. | |
| 260 |
_aNew Delhi _bNational Publishing House _c1982 |
||
| 300 |
_aV1/363p,V2/311p _ccm. |
||
| 942 |
_hO152,3N333,6, M2.1-.2 _cTEXL _2CC |
||
| 999 |
_c747122 _d747122 |
||